00879nam a22001697a 4500008004100000020001800041050002000059245017400079260004200253300001700295504003800312505023100350650002800581700003300609700003300642700003400675191122s2011 sp a|||| |||| 000 0 spa d a9788484739098 4aRM301.3G45bM4700aMetodología, retos y puntos débiles en la aplicación de la farmacogenéticac/ M.J. Herrero Cervera, J.L Poveda Andrés, P. García Salom, S.F. Aliño Pellicer3 aMajadahonda (Madrid)b: ergonc, 2011 a60 páginas aIncluye bibliografía (pp.59-60)0 aAlgunas definiciones Retos y barreras Técnicas clásicas de laboratorio empleadas en los estudios farmacogenéticos Las nuevas tecnologías de análisis genético de alto rendimiento (HIGHTHROUGHPUT) Nuestra experiencia14aCRIBADO FARMACOLÓGICO1 aHerrero Cervera, M.J.eautor1 aPoveda Andrés, J.L.eautor1 aAliño Pellicer, S.F.eautor